000 00463pab a2200169 454500
008 180718b2006 xxu||||| |||| 00| 0 eng d
100 _aKar, Amit
245 _aRural non-farm sector in India, its present status and options for improvement - a review
260 _c2006
300 _ap.13-23.
362 _aApr
650 _aEmployment - India
650 _aEmployment
700 _aRay, A.K.
773 _aAgricultural Situation in India
909 _a72975
999 _c72975
_d72975